LEADER 00654nam0-22002531i-450- 001 990002784430403321 005 20130517185938.0 035 $a000278443 035 $aFED01000278443 035 $a(Aleph)000278443FED01 035 $a000278443 100 $a20030910d1977----km-y0itay50------ba 101 0 $aita 102 $aIT 200 1 $a<>programmazione lineare$fG. Cordano 210 $aMilano$cPirola$d1977 700 1$aCordano,$bGiorgio$067296 801 0$aIT$bUNINA$gRICA$2UNIMARC 901 $aBK 912 $a990002784430403321 952 $a26-7-20$bS.I.$fECA 959 $aECA 996 $aProgrammazione lineare$9421074 997 $aUNINA